Confident Breastfeeding / (Record no. 87770)

MARC details
000 -LEADER
fixed length control field 00615nam a22001937a 4500
005 - DATE AND TIME OF LATEST TRANSACTION
control field 20140811124716.0
010 ## - LCCN (DPL NO)
LC control number B-506296-299
020 ## - INTERNATIONAL STANDARD BOOK NUMBER
International Standard Book Number 9789380619224
Terms of availability 125.00
035 ## - SYSTEM CONTROL NUMBER
System control number B-506296-299
037 ## - SOURCE OF ACQUISITION
Stock number KBD/Ven
Source of stock number/acquisition dpl
082 ## - DEWEY DECIMAL CLASSIFICATION NUMBER
Classification number 649.33
100 ## - MAIN ENTRY--PERSONAL NAME
Personal name Arora, Anshu
245 ## - TITLE STATEMENT
Title Confident Breastfeeding /
Statement of responsibility, etc by Anshu Arora
260 ## - PUBLICATION, DISTRIBUTION, ETC. (IMPRINT)
Place of publication, distribution, etc New Delhi
Name of publisher, distributor, etc Good Times Books
Date of publication, distribution, etc 2011
270 ## - ADDRESS
Address H-13, Bali Nagar
City Delhi
Postal code 110015
300 ## - PHYSICAL DESCRIPTION
Extent 132p.:
Dimensions 24cms(pbk)
Other physical details ill.
942 ## - ADDED ENTRY ELEMENTS (KOHA)
Source of classification or shelving scheme Dewey Decimal Classification
Item type English Books
Classification part 649.33
Call number suffix ARO
Holdings
Withdrawn status Lost status Not for loan Collection code Home library Current library Date acquired Source of acquisition Cost, normal purchase price Full call number Barcode Copy number Cost, replacement price Koha item type
      Non-fiction Central Library Central Library 11/08/2014 KBD/BL22/19.3.2013/171/19.3.2013/22.3.2013 125.00 649.33 ARO B-506296 1 125.00 English Books
      Non-fiction Janak Puri Janak Puri 11/08/2014 KBD/BL22/19.3.2013/171/19.3.2013/22.3.2013 125.00 649.33 ARO B-506298 1 125.00 English Books
      Non-fiction Patel Nagar Patel Nagar 11/08/2014 KBD/BL22/19.3.2013/171/19.3.2013/22.3.2013 125.00 649.33 ARO B-506297 1 125.00 English Books
      Non-fiction Shahdara Branch Shahdara Branch 11/08/2014 KBD/BL22/19.3.2013/171/19.3.2013/22.3.2013 125.00 649.33 ARO B-506299 1 125.00 English Books

© Delhi Public Library
Hit Counter
free hit counter